• 首页
  • 本馆介绍
  • 公告通知
  • 最新文献
  • 馆藏检索
  • 电子资源
  • 读者导购
  • 参考咨询
  • 我的图书馆
  • 登录
  • 详细信息显示
  • 放入我的书架
  • 预约/预借图书
  • 作者相关作品
  • 分类相关作品
  • 丛书相关作品
  • 出版社相关作品

书目信息

  • 表格格式
  • 工作单格式
  • 卡片格式
题名:
上海现代职业教育体系建设研究
    
 
作者: 陈克宏 , 苏明 主编 ;“上海现代职业教育体系规划和建设研究”课题组 编著
分册:  
出版信息: 上海   上海教育出版社  2017
页数: 224页
开本: 24cm
丛书名:
单 册:
中图分类: G719.2
科图分类:
主题词: 职业教育--教育体系--建设--研究--上海--2015-2030
电子资源:
ISBN: 978-7-5444-7449-8
000 01160nam0 2200253 450
001 2214
005 20180522172752.98
010    @a978-7-5444-7449-8@dCNY42.00
100    @a20170905d2017 em y0chiy50 ea
101 0  @achi
102    @aCN@b310000
105    @ay z 000yy
200 1  @a上海现代职业教育体系建设研究@9shang hai xian dai zhi ye jiao yu ti xi jian she yan jiu@e2015-2030年@f“上海现代职业教育体系规划和建设研究”课题组编著
210    @a上海@c上海教育出版社@d2017
215    @a224页@d24cm
314    @a主编:陈克宏、苏明
330    @a本书分析了上海市职业教育的现状及问题,这是规划编制的出发点;充分对接城市人口变化趋势、行业发展和人才需求等因素,科学预测未来发展目标;全面立足需求导向,为制定2015年到2030年的上海职业教育规模、层次、类型以及分类发展目标提供了科学依据。
606 0  @a职业教育@x教育体系@x建设@x研究@y上海@z2015-2030
690    @aG719.2@v5
701  0 @a陈克宏@9chen ke hong@4主编
701  0 @a苏明@9su ming@4主编
712 02 @a“上海现代职业教育体系规划和建设研究”课题组@9“shang hai xian dai zhi ye jiao yu ti xi gui hua he jian she yan jiu”ke ti zu@4编著
801  0 @aCN@b91MARC@c20170905
905    @aMuseLib@dG719.2@e43
    
    上海现代职业教育体系建设研究:2015-2030年/“上海现代职业教育体系规划和建设研究”课题组编著.-上海:上海教育出版社,2017
    224页;24cm
    
    
    ISBN 978-7-5444-7449-8:CNY42.00
    本书分析了上海市职业教育的现状及问题,这是规划编制的出发点;充分对接城市人口变化趋势、行业发展和人才需求等因素,科学预测未来发展目标;全面立足需求导向,为制定2015年到2030年的上海职业教育规模、层次、类型以及分类发展目标提供了科学依据。
●
相关链接 在E读中查询图书 在五车中查询图书 在当当中查询图书 在豆瓣中查询图书


正题名:上海现代职业教育体系建设研究     索取号:G719.2/43         预约/预借

序号 登录号 条形码 馆藏地/架位号 状态 备注
1 1108409   211084093   第一样本阅览室/ [索取号:G719.2/43] 在馆    
2 1108410   211084100   教育系资料室/ [索取号:G719.2/43] 在馆    
3 1108411   211084119   教育系资料室/ [索取号:G719.2/43] 在馆    
4 1108412   211084128   第四借阅区/ [索取号:G719.2/43] 在馆    
唐山师范学院图书馆 欢迎您!
大连网信软件有限公司© 版权所有